00752nam a2200193 a 450000100100000000500170001000800410002704000250006808200150009310000340010824500920014226000420023430000210027650000730029750400320037059000260040295201130042899900170054100004254520201002040227.0131211s1972 sp r 000 0 spa d aDO-SdBNPbspacBNPHU axxxxbxxxx1 aMuñoz Valle, Isidoro96978410aActitudes ante la Cultura Clásica a lo largo de la historia /cIsidoro Muñoz Valle. aMadrid :bGráficas Cóndor,c1972. a174 p. ;c19 cm. aIncluye referencias bibliográficas y notas al pie de las páginas aBibliografía : p. 153-154 aInventariado, 2019/BT 001050718MOaGRbGRcHDd2013-12-11iLF1l0oxxxx xxxxp42545-10r2020-06-25w2020-06-25y1ZNo se presta c42034d42034